| 000 | 01835nam a22002657 4500 | ||
|---|---|---|---|
| 999 |
_c1014 _d1014 |
||
| 003 | AR-BaISA | ||
| 005 | 20220825101150.0 | ||
| 007 | ta | ||
| 008 | 220705s2009 ag ado|| |||| 001 0 spa d | ||
| 020 | _a9788498353068 | ||
| 040 |
_bspa _cAR-BaISA |
||
| 082 | 0 | 4 |
_222 _a615.82 B54 |
| 100 | 1 |
_92390 _aBisbe Gutiérrez, Marta |
|
| 245 | 1 | 0 |
_aFisioterapia en neurología: _bprocedimientos para restablecer la capacidad funcional / _cMarta Bisbe Gutiérrez, Carmen Santoyo Medina, y Vicenç Tomàs Segarra Vidal |
| 260 |
_aBuenos Aires: _bMédica Panamericana, _c2009 |
||
| 300 |
_aXI, 223 p.: _bil., gráfs., tablas |
||
| 504 | _aBibliografía al final de cada capítulo. | ||
| 504 | _aÍndice analítico p.: 219-223. | ||
| 505 |
_tAnatomofisiología del sistema nervioso: de la fisiología a la patología. Plasticidad neural y repercusiones funcionales -- _tEvaluación básica del paciente neurológico. Instrumentos de registro -- _tAbordaje fisioterapéutico de las alteraciones del tono muscular. Repercusiones funcionales -- _tEquilibrio y coordinación. Procedimientos de actuación fisioterapéutica -- _tDéficits motores: criterios de actuación en la reeducación funcional de las extremidades superiores y tronco -- _tDéficits motores: criterios de actuación en la reeducación funcional de las extremidades inferiores. Marcha normal y alterada: procedimientos para la reeducación funcional -- _tDéficits en la deglución. Criterios de actuación -- _tParticipación en el entorno y la calidad de vida -- _tCaso clínico 1: síndrome parkinsoniano con dolor -- _tCaso clínico 2: esclerosis múltiple con afectación cognitiva |
||
| 650 | 1 | 0 |
_91206 _aFisioterapia |
| 650 | 1 | 0 |
_91150 _aNeurología |
| 700 | 1 |
_92391 _aSantoyo Medina, Carmen _eaut. |
|
| 700 | 1 |
_92392 _aSegarra Vidal, Vicenç Tomàs _eaut. |
|
| 942 |
_2ddc _cLI _e22 |
||